03549 a2200385 45000010003000000050017000030080041000200030015000610400040000760800084001162450030002000200018002302640036002483000023002845050586003070410008008939420007009015900036009081000016009447000028009608560118009889990011011069520115011179520180012329520182014129520174015949520121017689520180018899520195020699520230022649520150024949520107026449520223027519520189029741220260407155402.0260407a2002 arg spa dAR-UNSa-BCEJYS aAR-UNSa-BCEJYSbspacAR-UNSa-BCEJYS a338.1xSituación económica. Ciclos. Desarrollo de la estructura económica10aEconomía del desarrollo a84-95348-03-9 1aBarcelona :bAntoni Boschc2002 axix, 827 p.c24 cm a1. Introducción - 2. El desarrollo económico: visión panorámica - 3. El crecimiento económico - 4. Las nuevas teorías del crecimiento - 5. Historia, expectativas y desarrollo - 6. La desigualdad económica - 7. Desigualdad y desarrollo: interconexiones - 8. Pobreza y desnutrición - 9. Crecimiento de la población y desarrollo económico - 10. Ciudad y campo - 11. Los mercados en la agricultura - 12. La tierra - 13. El trabajo - 14. El crédito - 15. El seguro - 16. El comercio internacional - 17. Política comercial - 18. Política comercial multilateral  aspa cBK aniveau_biblio:m niveau_hierar:01 aRay, Debraj1 aRabasco, María Esther41uhttps://biblioeco.unsa.edu.ar/pmb/images/libros/Economia del Desarrollo-l87893.jpgyImagen de portadaqimage/jpeg c10d10 00104070aBCEJYSbBCEJYSc16d2026-04-07l0o338.1 R263pL87893r2026-04-07 15:54:02w2026-04-07yLzLÁPIZ 00104070aBCEJYSbBCEJYSc16d2026-04-07l0o338.1 R263pL87895r2026-04-07 15:54:02w2026-04-07yLzCANTO MANCHADO - LÁPIZ - PÁG. 285 ROTA - TAPA SUELTA - RAYADO A MANO 00104070aBCEJYSbBCEJYSc16d2026-04-07l0o338.1 R263pL116851r2026-04-07 15:54:02w2026-04-07yLzÚLTIMA HOJA CON HUMEDAD Y MANCHADA - HUMEDO - RAYADO 1° HOJA - LÁPIZ 00104070aBCEJYSbBCEJYSc16d2026-04-07l0o338.1 R263pL116852r2026-04-07 15:54:02w2026-04-07yLzÚLTIMA HOJA RAYADO CON LAPICERA - LÁPIZ - H{UMEDO EN EL CANTO 00104070aBCEJYSbBCEJYSc16d2026-04-07l0o338.1 R263pL116853r2026-04-07 15:54:02w2026-04-07yLzLÁPIZ LEVE 00104070aBCEJYSbBCEJYSc16d2026-04-07l0o338.1 R263pL116854r2026-04-07 15:54:02w2026-04-07yLzHÚMEDO PRIMERAS HOJAS - MANCHADO ÚLTIMAS HOJAS - HÚMEDA PÁG 243 00104070aBCEJYSbBCEJYSc16d2026-04-07l0o338.1 R263pL116855r2026-04-07 15:54:02w2026-04-07yLzPÁG. 397 - 403 DAÑADAS - MANCHAS - HOJAS ROTAS - TAPA DESPEGADA - PÁG. 11 SUELTA 00104070aBCEJYSbBCEJYSc16d2026-04-07l0o338.1 R263pL117553r2026-04-07 15:54:02w2026-04-07yLzTAPA SEMI DESPEGADA - PRIMERAS HOJAS UN POCO SUELTAS - LÁPIZ - PÁG 6 Y 7 MANCHADAS CON AZUL - CINTA DESDE PÁG 5 A 8 00104070aBCEJYSbBCEJYSc16d2026-04-07l0o338.1 R263pL117554r2026-04-07 15:54:02w2026-04-07yLzHUMEDO - CANTOS MANCHADOS CON LAPIC. AZUL 00104070aBCEJYSbBCEJYSc16d2026-04-07l0o338.1 R263pL117555r2026-04-07 15:54:02w2026-04-07yL 00104070aBCEJYSbBCEJYSc16d2026-04-07l0o338.1 R263pL117556r2026-04-07 15:54:02w2026-04-07yLzSUBRAYADO CON LAPIZ 14-06-16 - ULTIMAS HOJAS MANCHADAS AL COSTADO CON ACEITE - PRIMERAS HOJAS MANCHADAS AL CANTO-  00104070aBCEJYSbBCEJYSc16d2026-04-07l0o338.1 R263pL117557r2026-04-07 15:54:02w2026-04-07yLzLÁPIZ - PÁG. 12 PEGADA CON CINTA - HÚMEDO CANTO SUPERIOR - HOJAS MANCHADAS